|
|
|
|
| LEADER |
00000cam a2200000 a 4500 |
| 001 |
vtls001362215 |
| 003 |
SK-MaSNL |
| 005 |
20260301070645.0 |
| 008 |
251029s1999 xo er 000 f slo |
| 015 |
|
|
|a SNBA1999/08-02924
|
| 020 |
|
|
|a 8080491542
|q (brož.)
|
| 035 |
|
|
|a SNK000315807
|
| 035 |
|
|
|a urn:nbn:sk:snk-amjcjc
|
| 035 |
|
|
|a urn:nbn:sk:snk-am002ewh
|
| 035 |
|
|
|a 2F6912D8-0B5F-4DBE-B863-C56D899E8633
|
| 040 |
|
|
|a SNK
|b slo
|c SNK
|e AACR2
|
| 041 |
1 |
|
|a slo
|h eng
|
| 044 |
|
|
|a xo
|c SK
|
| 080 |
|
|
|a 820 (73)-3
|2 1981
|
| 100 |
1 |
|
|a Taylor, Laura
|4 aut
|9 244445
|
| 240 |
1 |
0 |
|a Dangerous surrender
|l Slovensky
|
| 245 |
1 |
0 |
|a V ústrety svojmu šťastiu
|c Laura Taylor ; preložili M. Klevisová, M. Sedmohradská
|
| 260 |
|
|
|a Martin
|b Wist
|c 1999
|
| 300 |
|
|
|a 152 s.
|c 18 cm
|
| 490 |
1 |
|
|a Love story
|v 139
|
| 500 |
|
|
|a Preložené z angličtiny
|
| 655 |
|
7 |
|a americké romány
|2 SNKPH
|9 1174
|
| 655 |
|
7 |
|a ľúbostné romány
|2 SNKPH
|9 70497
|
| 700 |
1 |
|
|a Sedmohradská, M.
|4 trl
|9 46702
|
| 700 |
1 |
|
|a Klevisová, Michaela,
|d 1976-
|4 trl
|9 227712
|
| 830 |
|
0 |
|a Love story
|9 276554
|
| 852 |
|
|
|a Slovenská národná knižnica
|
| 919 |
|
|
|a 80-8049-154-2
|
| 954 |
|
|
|a beletria cudzojazyčná (svetová)
|2 lita
|
| 958 |
|
|
|a UP
|
| 958 |
|
|
|a LX
|
| 968 |
|
|
|b ENG
|
| 999 |
|
|
|c 635083
|d 637013
|
| 952 |
|
|
|t P60, <03>, [BOOK], {603}
|a SNK
|b SNK
|y PREZ
|7 0
|p 17A0194117
|o snkSD 70082
|i snkKSP 5784/99
|0 0
|1 0
|4 0
|d 1999-05-26
|l 0
|r 2005-01-02 00:00:00
|w 2026-02-23
|
| 952 |
|
|
|t P60, <04>, [BOOK], {604}
|a SNK
|b SNK
|y VYP
|7 0
|p 17A0194118
|o snkSD 70082 D1
|i snkKSP 5785/99
|0 0
|1 0
|4 0
|d 1999-05-26
|f 1
|l 0
|r 2005-01-02 00:00:00
|w 2026-02-23
|